Report on the Standing Conference on African National and University Libraries in Eastern Central and Southern Africa (SCANUL- ECS).... (Record no. 56230)

MARC details
000 -LEADER
fixed length control field 00994nam a2200253 a 4500
003 - CONTROL NUMBER IDENTIFIER
control field CBULib
005 - DATE AND TIME OF LATEST TRANSACTION
control field 20260127093247.0
008 - FIXED-LENGTH DATA ELEMENTS--GENERAL INFORMATION
fixed length control field 100105s1998 ||||||||||||||||| || u
020 ## - INTERNATIONAL STANDARD BOOK NUMBER
International Standard Book Number CBULib
Terms of availability CBULib
040 ## - CATALOGING SOURCE
Original cataloging agency CBULib
Language of cataloging English
Transcribing agency CBULib
Modifying agency CBULib
Description conventions rda
050 ## - LIBRARY OF CONGRESS CALL NUMBER
Classification number LUN/STAFF PAPERS
100 ## - MAIN ENTRY--PERSONAL NAME
Personal name Lungu, Charles B. M
245 10 - TITLE STATEMENT
Title Report on the Standing Conference on African National and University Libraries in Eastern Central and Southern Africa (SCANUL- ECS)....
Statement of responsibility, etc /by Maurice chimfwembe Lundu
260 ## - PUBLICATION, DISTRIBUTION, ETC. (IMPRINT)
Place of publication, distribution, etc Kitwe
Name of publisher, distributor, etc Copperbelt University Library
Date of publication, distribution, etc 1998
300 ## - PHYSICAL DESCRIPTION
Extent 15pages
336 ## - CONTENT TYPE
Source rdacontent
Content type term Text |
Content type code txt
337 ## - MEDIA TYPE
Source rdamedia
Media type term Unmediated |
Media type code n
338 ## - CARRIER TYPE
Source rdacarrier
Carrier type term Volume
Carrier type code nc
500 ## - GENERAL NOTE
General note The Conference was held at the Magaret Thatcher Library, Moi University, Kenya 23 - 26 th July 1998
650 #0 - SUBJECT ADDED ENTRY--TOPICAL TERM
9 (RLIN) 5223
Topical term or geographic name as entry element BUDGETING
650 #0 - SUBJECT ADDED ENTRY--TOPICAL TERM
9 (RLIN) 5224
Topical term or geographic name as entry element ANNUAL BUDGET FOR LIBRARIES
942 ## - ADDED ENTRY ELEMENTS (KOHA)
Source of classification or shelving scheme
Koha item type SPECIAL COLLECTION
Holdings
Withdrawn status Lost status Source of classification or shelving scheme Damaged status Not for loan Collection code Permanent Location Current Location Shelving location Date acquired Source of acquisition Full call number Barcode Date last seen Price effective from Koha item type
          Special Collections CBU-MAIN LIBRARY, KITWE. CBU-MAIN LIBRARY, KITWE. Special Collections 11/30/2022 DEP-CBU/01/2026 LUN/STAFFPAPERS 03005302 11/30/2022 11/30/2022 MONOGRAPH